| 000 | 00708nam a2200253 a 4500 | ||
|---|---|---|---|
| 008 | |||
| 020 | _a0566026600 (cased) | ||
| 049 | _aMAIN | ||
| 090 | _aHD30.26 | ||
| 100 | 1 | _aElgood, Chris. | |
| 245 | 1 | 0 |
_aHandbook of management games / _cChris Elgood. |
| 250 | _a4th ed. | ||
| 260 |
_aHants : _bGower, _cc1988. |
||
| 300 |
_axi, 353 p. : _bill. ; _c23 cm. |
||
| 504 | _aIncludes bibliographical references. | ||
| 500 | _aIncludes index. | ||
| 650 | 0 | _aManagement games. | |
| 650 |
_aManagement _aSimulation games |
||
| 907 |
_a.b1002122x _b11-07-03 _c17-04-03 |
||
| 003 | |||
| 005 | 20250315120359.0 | ||
| 040 | _cNUST | ||
| 942 |
_cBOOKS _kHD30.26 _02 |
||
| 999 |
_c143505 _d143505 |
||